| 000 | 00956nam a2200301 a 4500 | ||
|---|---|---|---|
| 001 | vtls000163831 | ||
| 003 | NLI | ||
| 005 | 20210602103241.0 | ||
| 008 | 101125s1963 caua 001 0 eng | ||
| 020 | _cUSD 7.50 | ||
| 039 | 9 |
_y201011251714 _zVLOAD |
|
| 040 |
_aNLI _beng _cDatasoft 1 _eAACR2 |
||
| 041 | 0 | _aeng | |
| 044 | _acau | ||
| 082 | 0 | 4 | _a309.14115 |
| 100 | 1 |
_aGamble, Sidney D. _q(Sidney David), _d1890-1968 _9318892 |
|
| 245 | 1 | 0 |
_aNorth China villages : _bsocial, political and economic activities before 1933 / _cSidney D. Gamble |
| 260 |
_aBerkeley, Calif. : _bUniversity of California Press, _c1963 |
||
| 300 |
_ax, 352 p. : _bill. ; _c24 cm. |
||
| 500 | _aGlossary : p. 343-347 | ||
| 500 | _aIncludes index | ||
| 650 | 0 |
_aVillages _zChina _vCase studies _9318893 |
|
| 887 | _a | ||
| 901 |
_a360213 _b31.01.1964 |
||
| 902 | _aE 309.14115 G 143 | ||
| 942 |
_2ddc _cBKS |
||
| 949 |
_AVIRTUAITEM _D10000 _X100 _6PUR000360213ENG |
||
| 999 |
_aVIRTUA40 _c168024 _d168024 |
||